000 02299 a2200229 4500
001 243
005 20260407155416.0
008 260407a2003 arg spa d
003 AR-UNSa-BCEJYS
040 _aAR-UNSa-BCEJYS
_bspa
_cAR-UNSa-BCEJYS
080 _a658.3
_xPersonal. Relaciones humanas en la empresa (Recursos Humanos)
245 1 0 _aElija al mejor, cómo entrevistar por competencias
_plas preguntas necesarias para una buena selección de personal
020 _a978-950-641-392-7
250 _a2a. ed
264 1 _aBuenos Aires :
_bGranica
_c2003
300 _a250 p.
_c23 cm
505 _a1. La ciencia o el arte de entrevistar 2. La preparación para la entrevista 3. Los primeros 60 segundos. Crear el clima 4. 40 preguntas sobre la formación 5. 72 preguntas sobre la trayectoria laboral 6. 57 preguntas para determinar la adaptabilidad del candidato 7. 30 preguntas sobre la adaptabilidad al puesto 8. 30 preguntas sobre capacidad de liderazgo y de trabajar en equipo 9. 80 preguntas sobre personalidad 10. 192 preguntas sobre capacidades específicas 11. 24 preguntas sobre otros intereses y para evaluar la manera de pensar o el sentido común 12.32 preguntas sobre temas económicos y objetivos profesionales Aspectos económicos 13. 10 preguntas de cierre 14. 50 preguntas que usted deberá responder 15. 40 preguntas personales reñidas con el buen gusto 16. La importancia del registro de la entrevista 17. ¿Qué es entrevistar por competencias? 18. Entrevistar por competencias. Jóvenes profesionales sin experiencia laboral 19. Entrevistar por competencias. Personas con experiencia e historia laboral 20. Entrevistar por competencias. Personas con experiencia e historia laboral 21. Ejercicio para comparar candidatos entrevistados por competencias 22. La entrevista en profundidad 23. Entrevista por competencias para especialistas 24. La entrevista por incidentes críticos 25. La técnica del trabajo durante la entrevista 26. El registro de la entrevista: un caso completo desde el perfil hasta la síntesis
942 _cBK
590 _aniveau_biblio:m niveau_hierar:0
100 1 _aAlles, Martha Alicia
856 4 1 _uhttps://biblioeco.unsa.edu.ar/pmb/images/libros/Elija al mejor. Como entrevistar por competencias2-l117538.jpg
_yImagen de portada
_qimage/jpeg
999 _c158
_d158